Riconosci lo Stato - Quiz n°99 - Statistics

Statistiche generali
  • Questo quiz è stato fatto 32 volte
  • Il punteggio medio è 12 su 13
Statistiche sulle risposte
Indizio Risposta % Corretto
Valuta Dollaro
100%
Iniziale della Capitale S
96%
Popolazione 5 535 000 ab.
92%
Superficie 733 km²
92%
Indipendenza dalla Malaysia, 9 agosto 1965
92%
Primo ministro Lee Hsien Loong
92%
Forma di Governo Repubblica parlamentare
92%
Fuso Orario UTC+8
92%
ISU 0.939
88%
Tasso di crescita 1,993%
88%
PIL (nominale) 361 109 milioni di $
88%
Risposta Singapore
88%
Presidente della Repubblica Tharman Shanmugaratnam
88%
Nessun quiz corrispondente trovato
Distribuzione punteggi
Percentuale di utenti per punteggio
Percentile per numero di risposta
I tuoi punteggi nel tempo
Non hai fatto questo quiz